| 000 | 00504nam a2200193 a 4500 | ||
|---|---|---|---|
| 001 | 11040 | ||
| 003 | CO-ViMGA | ||
| 008 | 141112s2004 ck r 000 u spa d | ||
| 020 | _a950050361 | ||
| 040 |
_aCO-ViMGA _bspa _cCO-ViMGA |
||
| 082 | 0 | 4 | _a320.9 E72i |
| 100 | 1 |
_aEtchecopar, Maximo _915257 |
|
| 245 | 1 | 0 | _aEl fin del nuevo mundo |
| 260 |
_aBuenos Aires, _cEdiciones corregidor, _c1984 |
||
| 300 | _a461 p. | ||
| 650 | 1 | 4 |
_aCIENCIAS PolĂticaS _947852 |
| 650 | 1 | 4 |
_aHISTORIA _915258 |
| 942 |
_2ddc _cBK |
||
| 999 |
_c22256 _d22256 |
||